The sense of the Song of Roland /

Bibliographic Details
Main Author: Cook, Robert Francis
Format: Book
Language:English
Published: Ithaca : Cornell University Press, 1987.
Subjects:

MARC

Tag First Indicator Second Indicator Subfields
LEADER 00000cam a22000008a 4500
001 in00000007786
005 20151002070025.0
008 870224s1987 nyu b 00110 eng
010 |a  87005407  
020 |a 0801419301 (alk. paper) 
035 |a (OCoLC)15317128 
035 |9 AAA0116AM 
040 |a DLC  |c DLC  |d m/c  |d TXA  |d UtOrBLW 
043 |a e-sp--- 
050 0 0 |a PQ1522  |b .C66 1987 
082 0 |a 841/.1  |2 19 
100 1 |a Cook, Robert Francis. 
245 1 4 |a The sense of the Song of Roland /  |c Robert Francis Cook. 
263 |a 8710 
264 1 |a Ithaca :  |b Cornell University Press,  |c 1987. 
300 |a xix, 266 pages 
336 |a text  |b txt  |2 rdacontent 
337 |a unmediated  |b n  |2 rdamedia 
338 |a volume  |b nc  |2 rdacarrier 
504 |a Bibliography: pages 249-261. 
500 |a Includes index. 
630 0 0 |a Chanson de Roland. 
650 0 |a Roland (Legendary character)  |x Romances  |x History and criticism. 
650 0 |a Roncesvalles, Battle of, Spain, 778, in literature. 
999 |a MARS 
999 f f |s cc8c946b-33ce-3656-9666-8e5f8f3be22f  |i 9bb65d8c-f5e9-38d7-b94c-163e7b38a6db  |t 0 
952 f f |p normal  |a Texas A&M University  |b College Station  |c Sterling C. Evans Library  |d Evans: Library Stacks  |t 0  |e PQ1522 .C66 1987  |h Library of Congress classification  |i unmediated -- volume  |m A14812563304 
998 f f |a PQ1522 .C66 1987  |t 0  |l Evans: Library Stacks